=LDR 00000nam 2200000 4500 =001 000239 =005 20250710120342 =035 ##$$a 0010-0725000064 =245 1#$$a PUKA JALAN-JALAN /$c MUHAMMAD YAHYA AYYASY =100 #$$a Ayyasy, Muhammad Yahya =250 ##$$a Cetakan Pertama =300 ##$$a 24 hlm. : $b ilus. ; $c 29,7 cm =260 ##$$a Bogor :$b Badan Pengembangan dan Pembinaan Bahasa,$c 2022 =082 ##$$a 398.209 598 =084 ##$$a 398.209 598 AYY p =020 ##$$a 978-623-307-174-1